Evaluation of Public Support Programmes in Financing of Small and Medium-Sized Enterprises

Salvato in:
Dettagli Bibliografici
Autore principale: Belanová, Katarína, 1978-
Natura: Capitolo di libro
Lingua:inglese
Soggetti:
Tags: Aggiungi Tag
Nessun Tag, puoi essere il primo ad aggiungerne!!

MARC

LEADER 00000naa$a2200000$$$4500
001 0262109
005 20250707074410.8
041 0 |a eng 
044 |a RS 
245 1 0 |a Evaluation of Public Support Programmes in Financing of Small and Medium-Sized Enterprises  |c Katarína Belanová 
610 2 0 |a podnik malý 
610 2 0 |a podnik stredný 
610 2 0 |a financovanie 
610 2 0 |a financie verejné 
610 2 0 |a Slovensko 
610 2 0 |a Európska únia 
100 1 |a Belanová, Katarína, 1978-